<?xml version="1.0" encoding="UTF-8"?><?xml-stylesheet type="text/xsl" href="static/style.xsl"?><OAI-PMH xmlns="http://www.openarchives.org/OAI/2.0/" xmlns:xsi="http://www.w3.org/2001/XMLSchema-instance" xsi:schemaLocation="http://www.openarchives.org/OAI/2.0/ http://www.openarchives.org/OAI/2.0/OAI-PMH.xsd"><responseDate>2026-04-17T04:19:25Z</responseDate><request verb="GetRecord" identifier="oai:www.recercat.cat:2072/462886" metadataPrefix="marc">https://recercat.cat/oai/request</request><GetRecord><record><header><identifier>oai:recercat.cat:2072/462886</identifier><datestamp>2025-06-12T09:27:18Z</datestamp><setSpec>com_2072_98</setSpec><setSpec>col_2072_378192</setSpec></header><metadata><record xmlns="http://www.loc.gov/MARC21/slim" xmlns:dcterms="http://purl.org/dc/terms/" xmlns:xsi="http://www.w3.org/2001/XMLSchema-instance" xmlns:doc="http://www.lyncode.com/xoai" xsi:schemaLocation="http://www.loc.gov/MARC21/slim http://www.loc.gov/standards/marcxml/schema/MARC21slim.xsd">
   <leader>00925njm 22002777a 4500</leader>
   <datafield ind2=" " ind1=" " tag="042">
      <subfield code="a">dc</subfield>
   </datafield>
   <datafield ind2=" " ind1=" " tag="720">
      <subfield code="a">Piza Mir, Bartolome</subfield>
      <subfield code="e">author</subfield>
   </datafield>
   <datafield ind2=" " ind1=" " tag="260">
      <subfield code="c">2022</subfield>
   </datafield>
   <datafield ind2=" " ind1=" " tag="520">
      <subfield code="a">Es presenta la descripció d'una experiència didàctica amb l'ús de models moleculars per a l'aprenentatge de la formulació química al cursos de l'educació secundària obligatòria. Els resultats mostren que hi ha un increment del seu aprenentatge i l'ús dels models moleculars permet una major comprensió d'aquesta àrea de la química en la que els estudiants solen presentar dificultats a causa de l'elevada abstracció d'aquests conceptes.</subfield>
   </datafield>
   <datafield ind2=" " ind1=" " tag="520">
      <subfield code="a">The description of a didactic experience with the use of molecular models for the learning ofchemical formulation in compulsory secondary education courses is presented. The results show that thereis an increase in learning and the use of molecular models allows a better understanding of this area ofchemistry in which students usually present difficulties due to the high abstraction of these concepts.</subfield>
   </datafield>
   <datafield ind2=" " ind1=" " tag="520">
      <subfield code="a">Se presenta la descripción de una experiencia didáctica con el uso de modelos moleculares para el aprendizaje de la formulación química en los cursos de educación secundaria obligatoria. Los resultados muestran que existe un incremento de su aprendizaje y el uso de modelos moleculares permite una mayor comprensión de esta área de la química en la cual los estudiantes suelen presentar dificultades a causa de la elevada abstracción de estos conceptos.</subfield>
   </datafield>
   <datafield ind2=" " ind1=" " tag="520">
      <subfield code="a">Es presenta la descripció d'una experiència didàctica amb l'ús de models moleculars per a l'aprenentatge de la formulació química al cursos de l'educació secundària obligatòria. Els resultats mostren que hi ha un increment del seu aprenentatge i l'ús dels models moleculars permet una major comprensió d'aquesta àrea de la química en la que els estudiants solen presentar dificultats a causa de l'elevada abstracció d'aquests conceptes.</subfield>
   </datafield>
   <datafield tag="653" ind2=" " ind1=" ">
      <subfield code="a">Abstracció</subfield>
   </datafield>
   <datafield tag="653" ind2=" " ind1=" ">
      <subfield code="a">Aprenentatge</subfield>
   </datafield>
   <datafield tag="653" ind2=" " ind1=" ">
      <subfield code="a">Model molecular</subfield>
   </datafield>
   <datafield tag="653" ind2=" " ind1=" ">
      <subfield code="a">Química</subfield>
   </datafield>
   <datafield tag="653" ind2=" " ind1=" ">
      <subfield code="a">Abstraction</subfield>
   </datafield>
   <datafield tag="653" ind2=" " ind1=" ">
      <subfield code="a">Chemistry</subfield>
   </datafield>
   <datafield tag="653" ind2=" " ind1=" ">
      <subfield code="a">Learning</subfield>
   </datafield>
   <datafield tag="653" ind2=" " ind1=" ">
      <subfield code="a">Molecular model</subfield>
   </datafield>
   <datafield tag="653" ind2=" " ind1=" ">
      <subfield code="a">Abstracción</subfield>
   </datafield>
   <datafield tag="653" ind2=" " ind1=" ">
      <subfield code="a">Aprendizaje</subfield>
   </datafield>
   <datafield tag="653" ind2=" " ind1=" ">
      <subfield code="a">Modelo molecular</subfield>
   </datafield>
   <datafield ind2="0" ind1="0" tag="245">
      <subfield code="a">L'ús dels models moleculars per a l'aprenentatge de la formulació química inorgànica : una prova pilot a secundària</subfield>
   </datafield>
</record></metadata></record></GetRecord></OAI-PMH>